000
00304nam a2200121Ia 4500
008
220204s9999 xx 000 0 und d
020
_a
81866499008
082
_a
82.081=214.21
_b
KAM
100
_a
Kamsal, Haribabu
245
0
_a
Karyalay praveenatha
260
_a
New Delhi
_b
Sudhamshu Bandhu
942
_c
BK
999
_c
44323
_d
44323